Missionary services in ramanathapuram district/ (Record no. 40528)

MARC details
000 -LEADER
fixed length control field 00713nam a22002057a 4500
005 - DATE AND TIME OF LATEST TRANSACTION
control field 20100810110028.0
010 ## - LCCN (DPL NO)
LC control number ENG-99107
020 ## - INTERNATIONAL STANDARD BOOK NUMBER
International Standard Book Number 9789380020242
Terms of availability 50.00
035 ## - SYSTEM CONTROL NUMBER
System control number EN-82639
037 ## - SOURCE OF ACQUISITION
Source of stock number/acquisition DBAD/PUB
082 ## - DEWEY DECIMAL CLASSIFICATION NUMBER
Classification number 200
100 ## - MAIN ENTRY--PERSONAL NAME
Personal name Thanabalan N.
245 ## - TITLE STATEMENT
Title Missionary services in ramanathapuram district/
Statement of responsibility, etc by N.Thanabalan
260 ## - PUBLICATION, DISTRIBUTION, ETC. (IMPRINT)
Place of publication, distribution, etc Villivakkam
Name of publisher, distributor, etc Aruna Publications
Date of publication, distribution, etc 2009
270 ## - ADDRESS
Address 12,1st Street (annexe) North Jagannatha Nagar,
City Chennai
300 ## - PHYSICAL DESCRIPTION
Extent 108p.
Dimensions 20cm (pbk)
500 ## - GENERAL NOTE
General note Includes bibliographical references
942 ## - ADDED ENTRY ELEMENTS (KOHA)
Source of classification or shelving scheme Dewey Decimal Classification
Item type English Books
Classification part 200
Call number suffix THA
Holdings
Withdrawn status Lost status Not for loan Collection code Home library Current library Date acquired Cost, normal purchase price Full call number Barcode Copy number Cost, replacement price Koha item type
    Not For Loan Non-fiction D.B.Act.Division D.B.Act.Division 10/08/2010 50.00 200 NTH EN-82639 1 50.00 English Books

© Delhi Public Library
Hit Counter
free hit counter